000 00724cam a2200193 4500
020 _a0856130001
082 0 0 _a622
_bMIC
_cL-16, P-56
100 1 _aDe Michele, Vincenzo.
_942074
245 1 4 _aThe world of minerals [translated from the Italian]
_cwith a foreword by G. F. Claringbull; photographs by Carlo Bevilacqua.
260 _aLondon,
_bOrbis Publishing Ltd,
_c1972.
300 _a[8], 128 p.
_bchiefly illus. (chiefly col.).
_c31 cm.
490 0 _aThe World of nature
500 _aNew ed. published in 1976 under title: Minerals, their beauty and structure.
500 _aTranslation of Minerali.
526 _a0
_b0
_c0
_d622_000000000000000_MIC
650 0 _aMCE
_9379
650 0 _aMineralogy.
942 _2ddc
_cBK
999 _c546056
_d546056